000 01082nam a22003137a 4500
003 CHAP
005 20220329133922.0
008 971013s1970 r 00010 d
010 _a12678
011 _a13650
035 _a17722
040 _cCHAP
082 _a578.15
_bH3
100 0 0 _aHayat, M. A.
_953171
245 _aPrinciples and techniques of electron microscopy
_b: biological applications
260 _aNew York :
_bVan Nostrand Reinhold,
_c1970
300 _av.
_b: ilus.
500 _aLa biblioteca tiene : v.1 - v.2
590 _aBATCH-UPD
_b10
_c20130110
_lUCH01
_h2153
590 _aBATCH-UPD
_b10
_c20130410
_lUCH01
_h1501
590 _aBATCH-UPD
_b10
_c20130914
_lUCH01
_h1651
590 _aCONVERSION
_b10
_c20130109
_lUCH01
_h1308
650 1 4 _aMicroscopio electrónico.
_975535
901 _aBK
942 _cLIBRO
949 _a578.15 H3
_bBC
_cLIBRO
_d33724000424164
_eLIBRO
_fv.1 c.2
_h29668
_i17722
_si
949 _a578.15 H3
_bBC
_cLIBRO
_d33724000424172
_eLIBRO
_fv.1
_h28950
_i17722
_si
949 _a578.15 H3
_bBC
_cLIBRO
_d33724000424305
_eLIBRO
_fv.2
_h40008
_i17722
_si
999 _c12678
_d12678